| 000 | 00527nam a2200193Ia 4500 | ||
|---|---|---|---|
| 001 | 59746 | ||
| 008 | 160511n ii |||gr||||Z||||||465 | ||
| 020 | _a9780195633429 | ||
| 082 | _a934 | ||
| 100 | _aThapar,Romila . | ||
| 245 | 0 |
_aInterpreting Early India _cBy Romila Thapar _hTextual Documents |
|
| 250 | _aEighteenth edn--2015. | ||
| 260 |
_aNew Delhi _bOxford University Press |
||
| 300 |
_a190pg: _bindex; _c23cm. |
||
| 653 | _aHistory | ||
| 653 | _aInterpreting Early India | ||
| 653 | _aMS-History | ||
| 942 |
_2ddc _cBK |
||
| 999 |
_c59622 _d59622 |
||